[Event "DEM U14w 2017"]
[Site "Willingen GER"]
[Date "2017.06.04"]
[Round "2"]
[White "Schwegler, Jelena"]
[Black "Jacoby, Angelina"]
[Result "1-0"]
[Termination "normal"]
[Board "13"]
[WhiteElo "1284"]
[BlackElo "1244"]
[PlyCount "59"]
[WhiteFideId "16225481"]
[BlackFideId "12999008"]
[EventCountry "GER"]
[EventRounds "9"]
[EventType "swiss"]
[EventDate "2017.06.03"]

1. e4 c5 2. d4 cxd4 3. c3 dxc3 4. Nxc3 e6 5. Nf3 Nc6 6. Bc4 Qc7 7. O-O Nf6 8.
Qe2 Ng4 9. Rd1 Bc5 10. Be3 Bxe3 11. fxe3 Nge5 12. Bb3 Nxf3+ 13. Qxf3 b6 14. Nb5
Qb8 15. Nd6+ Kd8 16. Nxf7+ Ke7 17. Nxh8 Ne5 18. Qf4 Bb7 19. Qh4+ Kf8 20. Qxh7
Qe8 21. Rf1+ Ke7 22. Qxg7+ Kd6 23. Rad1+ Kc7 24. Qxe5+ Kc8 25. Rc1+ Bc6 26. Bd5
Kb7 27. Bxc6+ dxc6 28. Rf7+ Ka6 29. Qd4 Rd8 30. Qa4# 1-0

[Event "DEM U14w 2017"]
[Site "Willingen GER"]
[Date "2017.06.05"]
[Round "3"]
[White "Müdder, Melanie"]
[Black "Basovskiy, Jana"]
[Result "1-0"]
[Termination "normal"]
[Board "1"]
[WhiteElo "1769"]
[BlackElo "1741"]
[WhiteClock "00:14:59"]
[BlackClock "00:20:57"]
[PlyCount "89"]
[WhiteFideId "12994103"]
[BlackFideId "16208617"]
[EventCountry "GER"]
[EventRounds "9"]
[EventType "swiss"]
[EventDate "2017.06.03"]

1. e4 c5 2. Nf3 e6 3. d4 cxd4 4. Nxd4 Nf6 5. Nc3 Nc6 6. Ndb5 d6 7. Bf4 e5 8.
Bg5 a6 9. Na3 b5 10. Bxf6 gxf6 11. Nd5 f5 12. exf5 Bxf5 13. Qf3 Bd7 14. Nf6+
Ke7 15. c3 Bg7 16. Nd5+ Kf8 17. Nc2 Rc8 18. Bd3 Be6 19. Nce3 Na5 20. Bf5 Bxf5
21. Nxf5 Nc4 22. Nfe7 Ra8 23. b3 Na5 24. O-O Bh6 25. Nf5 Bg5 26. Qh5 Rc8 27. h4
Bd2 28. Nh6 Bxh6 29. Qxh6+ Ke8 30. Qg7 Kd7 31. Qxf7+ Kc6 32. Ne7+ Kb6 33. Nxc8+
Qxc8 34. Qd5 Qc7 35. c4 bxc4 36. bxc4 Rc8 37. Rab1+ Ka7 38. Rfc1 Nb7 39. Qe4
Nc5 40. Qe3 Rf8 41. g3 Qf7 42. Rd1 Qe6 43. Rd5 Qe7 44. Rbd1 Rf6 45. Rxd6 1-0

[Event "DEM U14w 2017"]
[Site "Willingen GER"]
[Date "2017.06.05"]
[Round "3"]
[White "Berelowitsch, Dana"]
[Black "Bui, Ngoc Han Julia"]
[Result "0-1"]
[Termination "normal"]
[Board "2"]
[WhiteElo "1646"]
[BlackElo "1794"]
[WhiteClock "00:14:51"]
[BlackClock "00:13:14"]
[PlyCount "74"]
[WhiteFideId "12977144"]
[BlackFideId "12977055"]
[EventCountry "GER"]
[EventRounds "9"]
[EventType "swiss"]
[EventDate "2017.06.03"]

1. e4 e6 2. d4 d5 3. Nc3 Nf6 4. e5 Nfd7 5. Nce2 c5 6. c3 Nc6 7. Nf3 cxd4 8.
cxd4 Qb6 9. a3 f6 10. Nf4 fxe5 11. Nxe6 e4 12. Bf4 exf3 13. Nc7+ Kd8 14. Nxa8
Qxb2 15. gxf3 Nxd4 16. Rc1 Bxa3 17. Bg2 Re8+ 18. Be3 Qxc1 19. O-O Qxd1 20. Rxd1
Ne2+ 21. Kf1 Nc3 22. Rd3 Bb4 23. Bd2 Na2 24. Bg5+ Be7 25. Rxd5 Bxg5 26. Rxg5 b6
27. Rxg7 Ba6+ 28. Kg1 Re1+ 29. Bf1 Bxf1 30. h4 Bc4+ 31. Kh2 Re7 32. Rg5 Kc8 33.
Rg4 Bd5 34. Ra4 Kb7 35. Rd4 Bxf3 36. Rf4 Kxa8 37. Rxf3 a5 0-1

[Event "DEM U14w 2017"]
[Site "Willingen GER"]
[Date "2017.06.05"]
[Round "3"]
[White "Schnabel, Luise"]
[Black "Pavlov, Liliane"]
[Result "1-0"]
[Termination "normal"]
[Board "3"]
[WhiteElo "1661"]
[BlackElo "1479"]
[WhiteClock "00:02:22"]
[BlackClock "00:41:55"]
[PlyCount "119"]
[WhiteFideId "12943347"]
[BlackFideId "16225449"]
[EventCountry "GER"]
[EventRounds "9"]
[EventType "swiss"]
[EventDate "2017.06.03"]

1. e4 d5 2. exd5 Nf6 3. d4 Nxd5 4. c4 Nb6 5. Nc3 g6 6. Nf3 Bg7 7. Be2 Nc6 8.
Be3 Bg4 9. d5 Bxf3 10. gxf3 Ne5 11. f4 Ned7 12. c5 Nc8 13. Bf3 Rb8 14. Qa4 O-O
15. Rd1 b6 16. c6 Nf6 17. h4 h5 18. f5 Nd6 19. fxg6 fxg6 20. Rg1 Kh7 21. Ne4
Nfxe4 22. Bxe4 Nxe4 23. Qxe4 Qd6 24. b3 a5 25. f3 Qb4+ 26. Ke2 Qxe4 27. fxe4
Be5 28. Rg2 Bf4 29. Rdg1 Bxe3 30. Kxe3 Rg8 31. Kd4 Rbf8 32. Ke3 Kh6 33. Rg5 Rd8
34. Re5 Rde8 35. Re6 Kh7 36. e5 Kh6 37. Rf1 Kg7 38. Rg1 Kh7 39. Kd4 Rgf8 40.
Rexg6 Rf4+ 41. Ke3 Rxh4 42. Re6 Rh3+ 43. Kd4 Rh4+ 44. Kc3 Rf8 45. Rxe7+ Kh6 46.
Rg3 Rhf4 47. d6 cxd6 48. exd6 h4 49. Rge3 Rf3 50. d7 h3 51. d8=Q Rxe3+ 52. Rxe3
Rxd8 53. Rxh3+ Kg7 54. Kc4 Kf6 55. Re3 Rb8 56. Kb5 Kf5 57. c7 Kf4 58. cxb8=Q+
Kxe3 59. Qxb6+ Kd3 60. Qxa5 1-0

[Event "DEM U14w 2017"]
[Site "Willingen GER"]
[Date "2017.06.05"]
[Round "3"]
[White "Khamenya, Vitalia"]
[Black "Rothenberg, Nina"]
[Result "1/2-1/2"]
[Termination "normal"]
[Board "4"]
[WhiteElo "1814"]
[BlackElo "1594"]
[WhiteClock "00:03:19"]
[BlackClock "00:19:53"]
[PlyCount "64"]
[WhiteFideId "12959260"]
[BlackFideId "16208943"]
[EventCountry "GER"]
[EventRounds "9"]
[EventType "swiss"]
[EventDate "2017.06.03"]

1. e4 e6 2. d4 d5 3. exd5 exd5 4. Qf3 c6 5. Be3 Bd6 6. Nc3 Nf6 7. h3 Be6 8. Bd3
Nbd7 9. Nge2 Qc7 10. g4 h6 11. O-O-O O-O-O 12. Qg2 Nh7 13. f4 Ndf6 14. Rde1 h5
15. g5 Ng8 16. f5 Bd7 17. Rhf1 f6 18. g6 Nf8 19. Bf4 Ne7 20. Bxd6 Qxd6 21. Qg3
Kc7 22. Qxd6+ Kxd6 23. Nd1 Bc8 24. Ne3 Nd7 25. b3 Rde8 26. Kd2 b6 27. Nf4 Nb8
28. Rf2 Na6 29. a3 Nc7 30. Rfe2 c5 31. c3 Nc6 32. Nc2 Ne7 1/2-1/2

[Event "DEM U14w 2017"]
[Site "Willingen GER"]
[Date "2017.06.05"]
[Round "3"]
[White "Garbuz, Nicole"]
[Black "Schneider, Katharina"]
[Result "0-1"]
[Termination "normal"]
[Board "5"]
[WhiteElo "1598"]
[BlackElo "1493"]
[WhiteClock "00:02:27"]
[BlackClock "00:06:11"]
[PlyCount "146"]
[WhiteFideId "12990701"]
[BlackFideId "16200519"]
[EventCountry "GER"]
[EventRounds "9"]
[EventType "swiss"]
[EventDate "2017.06.03"]

1. e4 e5 2. Nf3 Nc6 3. Bc4 Bc5 4. c3 Nf6 5. d4 exd4 6. cxd4 Bb4+ 7. Bd2 Bxd2+
8. Nbxd2 d5 9. exd5 Nxd5 10. O-O O-O 11. Bb3 Be6 12. Nc4 Qf6 13. Nce5 Nxe5 14.
Nxe5 Rad8 15. Rc1 c6 16. Re1 Rfe8 17. Qd2 Qf4 18. Red1 Qxd2 19. Rxd2 Nb4 20.
Bxe6 Rxe6 21. Nf3 h6 22. h3 Nd5 23. Rc4 Rde8 24. Kf1 f6 25. Ra4 a6 26. Ra3 Ra8
27. Ne1 b5 28. Nd3 Nb6 29. b3 a5 30. Rc2 b4 31. Nxb4 axb4 32. Rxa8+ Nxa8 33.
Rc4 Nb6 34. Rxb4 Nd5 35. Rc4 Kf7 36. a4 Ke7 37. g3 Kd7 38. Rc1 Kc7 39. Rb1 Kb6
40. Rc1 Ka5 41. Ra1 Nb4 42. Rc1 Nd5 43. Ra1 Nc3 44. Rc1 Kb4 45. a5 Kxb3 46. a6
Nb5 47. Ra1 Re7 48. Kg2 Kc4 49. Ra4+ Kd5 50. g4 Ra7 51. Kg3 Nc7 52. Kf4 Rxa6
53. Rb4 Nb5 54. Kf5 Nxd4+ 55. Kg6 Ra7 56. Rb8 Ne6 57. Kf5 Rd7 58. Re8 Nd4+ 59.
Kg6 Kd6 60. Rg8 Ne6 61. Kf5 c5 62. Re8 Re7 63. Ra8 Nd4+ 64. Kf4 g5+ 65. Kg3 Re6
66. Rd8+ Ke5 67. h4 f5 68. h5 f4+ 69. Kg2 c4 70. Rc8 Nc6 71. Ra8 Kd4 72. Ra1
Kd3 73. Rd1+ Kc2 0-1

[Event "DEM U14w 2017"]
[Site "Willingen GER"]
[Date "2017.06.05"]
[Round "3"]
[White "Zell, Hannah"]
[Black "Kunisch, Nina"]
[Result "1/2-1/2"]
[Termination "normal"]
[Board "6"]
[WhiteElo "1489"]
[BlackElo "1599"]
[WhiteClock "00:47:06"]
[BlackClock "00:39:18"]
[PlyCount "75"]
[WhiteFideId "16208900"]
[BlackFideId "12982849"]
[EventCountry "GER"]
[EventRounds "9"]
[EventType "swiss"]
[EventDate "2017.06.03"]

1. e4 c5 2. Nf3 g6 3. c4 Nc6 4. d4 cxd4 5. Nxd4 Bg7 6. Be3 d6 7. Nc3 Nf6 8. Be2
O-O 9. O-O Nd7 10. Qd2 Nxd4 11. Bxd4 Bxd4 12. Qxd4 Qb6 13. Qxb6 Nxb6 14. Nd5
Nxd5 15. cxd5 e6 16. Bc4 exd5 17. Bxd5 Rb8 18. Rac1 Rd8 19. Rc7 Rd7 20. Rfc1
Rxc7 21. Rxc7 Be6 22. b3 Bxd5 23. exd5 Kg7 24. f4 h5 25. Kf2 Kf6 26. Kf3 Kg7
27. g4 hxg4+ 28. Kxg4 a6 29. Rd7 Rc8 30. Rxd6 Rc2 31. a4 Rxh2 32. Rb6 Rg2+ 33.
Kf3 Rd2 34. Rxb7 Rxd5 35. Rb6 a5 36. Rb5 Rd3+ 37. Ke4 Rc3 38. Kd4 1/2-1/2

[Event "DEM U14w 2017"]
[Site "Willingen GER"]
[Date "2017.06.05"]
[Round "3"]
[White "Glinzner, Alva"]
[Black "Wucherer, Sophie"]
[Result "1-0"]
[Termination "normal"]
[Board "7"]
[WhiteElo "1750"]
[BlackElo "1229"]
[PlyCount "79"]
[WhiteFideId "16206169"]
[BlackFideId "16225473"]
[EventCountry "GER"]
[EventRounds "9"]
[EventType "swiss"]
[EventDate "2017.06.03"]

1. e4 e5 2. Nf3 Nc6 3. Bb5 f5 4. d3 fxe4 5. dxe4 Nf6 6. Nbd2 Bc5 7. h3 d6 8.
O-O Bd7 9. c3 a6 10. Bc4 Qe7 11. a4 Be6 12. Bd3 Qd7 13. Ng5 Rf8 14. Nxe6 Qxe6
15. Nf3 h6 16. b4 Ba7 17. Bd2 g5 18. b5 Nb8 19. Nh2 a5 20. Qe2 Nbd7 21. Bc4 Qe7
22. Bb3 Bc5 23. Rab1 b6 24. Rbc1 O-O-O 25. Ng4 Nxg4 26. Qxg4 Kb8 27. Qe2 Qg7
28. Rcd1 Qg6 29. Bd5 h5 30. g3 Rf6 31. Bc6 Kc8 32. Be3 Rdf8 33. Bxd7+ Kxd7 34.
Bxc5 bxc5 35. Qe3 Rf3 36. Qxc5 h4 37. Qc6+ Kc8 38. Qa8+ Kd7 39. Qc6+ Kc8 40. b6
1-0

[Event "DEM U14w 2017"]
[Site "Willingen GER"]
[Date "2017.06.05"]
[Round "3"]
[White "Ortlepp, Klaudia"]
[Black "Hoffmann, Vanessa"]
[Result "1-0"]
[Termination "normal"]
[Board "8"]
[WhiteElo "1631"]
[BlackElo "1022"]
[PlyCount "33"]
[WhiteFideId "16206045"]
[BlackFideId "16244672"]
[EventCountry "GER"]
[EventRounds "9"]
[EventType "swiss"]
[EventDate "2017.06.03"]

1. e4 c5 2. Nc3 Nc6 3. f4 d6 4. Bc4 g6 5. Nf3 Bg7 6. O-O e6 7. d3 Nge7 8. Qe1
Qb6 9. Bd2 O-O 10. Qh4 h6 11. f5 exf5 12. Bxh6 fxe4 13. Bxg7 Kxg7 14. Ng5 Rh8
15. Rxf7+ Kg8 16. Qxh8+ Kxh8 17. Rh7# 1-0

[Event "DEM U14w 2017"]
[Site "Willingen GER"]
[Date "2017.06.05"]
[Round "3"]
[White "Abele, Anais"]
[Black "Schwegler, Jelena"]
[Result "1/2-1/2"]
[Termination "normal"]
[Board "9"]
[WhiteElo "1628"]
[BlackElo "1284"]
[PlyCount "49"]
[WhiteFideId "16208927"]
[BlackFideId "16225481"]
[EventCountry "GER"]
[EventRounds "9"]
[EventType "swiss"]
[EventDate "2017.06.03"]

1. e4 e5 2. Nf3 Nc6 3. Bb5 a6 4. Ba4 Nf6 5. O-O Be7 6. Re1 b5 7. Bb3 d6 8. c3
O-O 9. d3 Nb8 10. h3 Nbd7 11. Nbd2 a5 12. Nf1 a4 13. Bc2 Re8 14. g4 Bf8 15. g5
Nh5 16. Nd4 exd4 17. Qxh5 dxc3 18. bxc3 d5 19. d4 g6 20. Qf3 Bb7 21. e5 c5 22.
Be3 Qc7 23. Rac1 cxd4 24. cxd4 Qb8 25. Qg3 1/2-1/2

[Event "DEM U14w 2017"]
[Site "Willingen GER"]
[Date "2017.06.05"]
[Round "3"]
[White "Ruhmke, Rebecca"]
[Black "Wagner, Victoria"]
[Result "0-1"]
[Termination "normal"]
[Board "10"]
[WhiteElo "1127"]
[BlackElo "1499"]
[PlyCount "74"]
[WhiteFideId "16235991"]
[BlackFideId "16232348"]
[EventCountry "GER"]
[EventRounds "9"]
[EventType "swiss"]
[EventDate "2017.06.03"]

1. e4 c5 2. c3 d6 3. d4 Nf6 4. Bd3 e5 5. Be3 Nc6 6. Ne2 Ng4 7. Qd2 Nxe3 8. Qxe3
Be7 9. Nd2 O-O 10. O-O-O Bg5 11. f4 cxd4 12. cxd4 exf4 13. Nxf4 Nb4 14. Bc4
Bxf4 15. Qxf4 Qc7 16. Kb1 a6 17. g4 b5 18. Bb3 a5 19. a3 a4 20. Ba2 Qc2+ 21.
Ka1 Nd3 22. Nc4 Nxf4 23. Rc1 Qxe4 24. Nxd6 Qxd4 25. Nxb5 Qb6 26. Rhf1 Qxb5 27.
Rxf4 Rb8 28. Rb4 Qg5 29. Rbc4 Qe5 30. R4c2 Bxg4 31. Kb1 Bf5 32. Bxf7+ Kxf7 33.
Ka2 Bxc2 34. Rxc2 Rfc8 35. Rf2+ Kg8 36. Rd2 Qe6+ 37. Ka1 Rc1# 0-1

[Event "DEM U14w 2017"]
[Site "Willingen GER"]
[Date "2017.06.05"]
[Round "3"]
[White "Jung, Karina"]
[Black "Sinnhöfer, Lilian"]
[Result "1-0"]
[Termination "normal"]
[Board "11"]
[WhiteElo "1614"]
[BlackElo "1477"]
[PlyCount "81"]
[WhiteFideId "16222865"]
[BlackFideId "12977586"]
[EventCountry "GER"]
[EventRounds "9"]
[EventType "swiss"]
[EventDate "2017.06.03"]

1. e4 e5 2. Nf3 Nc6 3. Bc4 Be7 4. c3 Nf6 5. d3 d5 6. exd5 Nxd5 7. Qb3 Nb6 8.
Bxf7+ Kf8 9. Bc4 Na5 10. Qb5 Naxc4 11. dxc4 Bf6 12. O-O Qd6 13. c5 Qd5 14. Qb4
Be7 15. Re1 Bxc5 16. Qe4 Qxe4 17. Rxe4 Bd6 18. Nxe5 g6 19. Nf3 Bf5 20. Re2 Kg7
21. Be3 Rhe8 22. Nbd2 Kf7 23. Rc1 Rad8 24. Ree1 Na4 25. Nc4 Be7 26. b3 Nc5 27.
Nce5+ Kg8 28. Nd4 Bf6 29. Nxf5 Rxe5 30. Nh6+ Kg7 31. Ng4 Rf5 32. Nxf6 Kxf6 33.
g4 Rfd5 34. c4 Nd3 35. h4 Nxe1 36. cxd5 Nf3+ 37. Kg2 Nxh4+ 38. Kg3 g5 39. Rxc7
h6 40. Bd4+ Kg6 41. Rg7# 1-0

[Event "DEM U14w 2017"]
[Site "Willingen GER"]
[Date "2017.06.05"]
[Round "3"]
[White "Jacoby, Angelina"]
[Black "Fuchs, Emily"]
[Result "1/2-1/2"]
[Termination "normal"]
[Board "12"]
[WhiteElo "1244"]
[BlackElo "1225"]
[PlyCount "135"]
[WhiteFideId "12999008"]
[BlackFideId "16208986"]
[EventCountry "GER"]
[EventRounds "9"]
[EventType "swiss"]
[EventDate "2017.06.03"]

1. d4 Nf6 2. Nf3 e6 3. e3 b6 4. Bd3 Bb7 5. Nbd2 Nc6 6. c3 Ne7 7. e4 d6 8. O-O
g6 9. Qe2 a6 10. e5 dxe5 11. Nxe5 Bg7 12. Ndf3 Nd7 13. Be4 c6 14. Bc2 O-O 15.
Nxd7 Qxd7 16. Ne5 Qc7 17. Bf4 Qd8 18. Rfe1 Nd5 19. Bg3 Qe7 20. Nc4 Rfd8 21. Be4
b5 22. Na5 Rac8 23. Nb3 Nb6 24. Nc5 Rf8 25. a4 Nxa4 26. Nxa4 bxa4 27. Rxa4 f5
28. Bd3 f4 29. Qxe6+ Qxe6 30. Rxe6 fxg3 31. fxg3 c5 32. dxc5 Rxc5 33. Re7 Bc8
34. Bxa6 Bxa6 35. Rxa6 Rcf5 36. Ra1 Rb5 37. Re2 Bf6 38. Rc2 Rc8 39. Rd1 Re8 40.
Kf2 Rf5+ 41. Kg1 Bd8 42. Kh1 Bc7 43. Rcd2 Ref8 44. h3 Bxg3 45. Kg1 h5 46. c4
Re8 47. b3 Kf7 48. Rd7+ Re7 49. Rxe7+ Kxe7 50. Rd3 Bd6 51. Re3+ Kd7 52. Rf3 Re5
53. Rf7+ Kc6 54. Rf6 g5 55. b4 Kd7 56. c5 Bc7 57. Rf7+ Re7 58. Rxe7+ Kxe7 59.
Kf2 h4 60. Kf3 Kd7 61. b5 Bf4 62. Ke4 Ke6 63. Kd4 Bg3 64. Kc4 Kd7 65. Kd5 Kc7
66. Ke6 Bf2 67. Kd5 Bg1 68. Kc4 1/2-1/2

[Event "DEM U14w 2017"]
[Site "Willingen GER"]
[Date "2017.06.05"]
[Round "3"]
[White "Bohrer, Katharina"]
[Black "Albert, Eske"]
[Result "1-0"]
[Termination "normal"]
[Board "13"]
[WhiteElo "1176"]
[BlackElo "1415"]
[PlyCount "137"]
[WhiteFideId "16225457"]
[BlackFideId "12991813"]
[EventCountry "GER"]
[EventRounds "9"]
[EventType "swiss"]
[EventDate "2017.06.03"]

1. d4 d5 2. Nf3 Nf6 3. e3 Bg4 4. c4 e6 5. Nc3 Bb4 6. Qa4+ Nc6 7. Ne5 Bxc3+ 8.
bxc3 a6 9. Nxc6 Qd7 10. Rb1 Qxc6 11. Qxc6+ bxc6 12. Rb7 Kd7 13. Bd3 a5 14. a4
Rhb8 15. Rxb8 Rxb8 16. c5 Ke7 17. f3 Bh5 18. e4 Bg6 19. Bg5 Rb2 20. O-O h6 21.
Bxf6+ gxf6 22. Rc1 Ra2 23. Bc2 Ra3 24. Rd1 Rxc3 25. Bd3 e5 26. dxe5 fxe5 27.
Kf2 Rxc5 28. Ke2 Kf6 29. h4 Ke6 30. exd5+ Rxd5 31. Bc4 Bc2 32. Bxd5+ cxd5 33.
Rc1 Bxa4 34. Rxc7 Bb3 35. Ra7 a4 36. g3 h5 37. g4 hxg4 38. fxg4 Kf6 39. Ke3 Bd1
40. Ra6+ Kg7 41. g5 Bh5 42. Rxa4 f6 43. Ra7+ Kg6 44. Ra6 Kf7 45. Rxf6+ Kg7 46.
Rh6 d4+ 47. Kd2 Bg6 48. h5 Bxh5 49. Rxh5 Kg6 50. Rh8 Kxg5 51. Kd3 Kf5 52. Rf8+
Ke6 53. Ke4 Ke7 54. Rh8 Ke6 55. Rh6+ Kd7 56. Kxe5 d3 57. Rd6+ Ke7 58. Rxd3 Kf7
59. Rd6 Ke7 60. Ra6 Kd7 61. Rh6 Kc7 62. Kd5 Kb7 63. Kc5 Ka7 64. Kb5 Kb8 65. Rh7
Kc8 66. Kc6 Kb8 67. Rg7 Ka8 68. Kb6 Kb8 69. Rg8# 1-0

[Event "DEM U14w 2017"]
[Site "Willingen GER"]
[Date "2017.06.06"]
[Round "4"]
[White "Bui, Ngoc Han Julia"]
[Black "Müdder, Melanie"]
[Result "0-1"]
[Termination "normal"]
[Board "1"]
[WhiteElo "1794"]
[BlackElo "1769"]
[WhiteClock "00:11:09"]
[BlackClock "00:12:05"]
[PlyCount "90"]
[WhiteFideId "12977055"]
[BlackFideId "12994103"]
[EventCountry "GER"]
[EventRounds "9"]
[EventType "swiss"]
[EventDate "2017.06.03"]

1. e4 {[%clk 1:30:57]} 1... c5 {[%clk 1:30:54]} 2. Ne2 {[%clk 1:31:22]} 2...
Nc6 {[%clk 1:31:12]} 3. Nbc3 {[%clk 1:31:43]} 3... g6 {[%clk 1:31:14]} 4. d4 {
[%clk 1:32:06]} 4... cxd4 {[%clk 1:31:38]} 5. Nxd4 {[%clk 1:32:29]} 5... Bg7 {
[%clk 1:32:00]} 6. Be3 {[%clk 1:32:52]} 6... Nf6 {[%clk 1:32:16]} 7. Bc4 {
[%clk 1:33:07]} 7... O-O {[%clk 1:32:35]} 8. f3 {[%clk 1:33:19]} 8... Re8 {
[%clk 1:31:59]} 9. Qd2 {[%clk 1:30:00]} 9... e6 {[%clk 1:14:44]} 10. O-O-O {
[%clk 1:18:40]} 10... Na5 {[%clk 0:49:31]} 11. Bb3 {[%clk 1:00:59]} 11... d5 {
[%clk 0:39:08]} 12. exd5 {[%clk 0:46:11]} 12... exd5 {[%clk 0:38:10]} 13. Kb1 {
[%clk 0:34:50]} 13... Nc4 {[%clk 0:34:39]} 14. Bxc4 {[%clk 0:35:02]} 14... dxc4
{[%clk 0:35:05]} 15. Bh6 {[%clk 0:29:36]} 15... a6 {[%clk 0:29:20]} 16. Bxg7 {
[%clk 0:23:54]} 16... Kxg7 {[%clk 0:28:56]} 17. Rhe1 {[%clk 0:23:09]} 17...
Rxe1 {[%clk 0:24:08]} 18. Rxe1 {[%clk 0:22:42]} 18... Qc7 {[%clk 0:22:28]} 19.
f4 {[%clk 0:20:35]} 19... b5 {[%clk 0:20:15]} 20. h3 {[%clk 0:11:01]} 20... Bb7
{[%clk 0:16:22]} 21. a3 {[%clk 0:10:58]} 21... Rd8 {[%clk 0:14:23]} 22. Rd1 {
[%clk 0:11:12]} 22... Re8 {[%clk 0:12:29]} 23. g4 {[%clk 0:10:57]} 23... Ne4 {
[%clk 0:09:10]} 24. Nxe4 {[%clk 0:11:05]} 24... Rxe4 {[%clk 0:08:50]} 25. f5 {
[%clk 0:11:24]} 25... Qf4 {[%clk 0:04:40]} 26. Qc3 {[%clk 0:09:36]} 26... Kh6 {
[%clk 0:02:46]} 27. a4 {[%clk 0:05:54]} 27... Re3 {[%clk 0:01:21]} 28. Qb4 {
[%clk 0:06:01]} 28... Rxh3 {[%clk 0:00:53]} 29. Qf8+ {[%clk 0:06:10]} 29... Kg5
{[%clk 0:01:14]} 30. Qe7+ {[%clk 0:06:20]} 30... Kh6 {[%clk 0:01:13]} 31. Qxb7
{[%clk 0:06:30]} 31... Qxg4 {[%clk 0:01:18]} 32. Rh1 {[%clk 0:05:59]} 32...
Rxh1+ {[%clk 0:01:01]} 33. Qxh1+ {[%clk 0:06:25]} 33... Kg7 {[%clk 0:01:19]}
34. Qd5 {[%clk 0:06:28]} 34... h5 {[%clk 0:00:52]} 35. fxg6 {[%clk 0:05:44]}
35... fxg6 {[%clk 0:00:54]} 36. axb5 {[%clk 0:05:14]} 36... axb5 { [%clk
0:01:01]} 37. Nxb5 {[%clk 0:03:27]} 37... h4 {[%clk 0:01:11]} 38. Qd4+ { [%clk
0:03:21]} 38... Qxd4 {[%clk 0:01:06]} 39. Nxd4 {[%clk 0:03:47]} 39... h3 {[%clk
0:00:57]} 40. Nf3 {[%clk 0:03:59]} 40... g5 {[%clk 0:01:04]} 41. Nh2 { [%clk
0:04:08]} 41... Kf6 {[%clk 0:01:01]} 42. Kc1 {[%clk 0:04:04]} 42... Kf5 { [%clk
0:25:04]} 43. Kd2 {[%clk 0:20:45]} 43... g4 {[%clk 0:17:22]} 44. Ke3 { [%clk
0:11:08]} 44... g3 {[%clk 0:12:05]} 45. Nf1 {[%clk 0:11:09]} 45... Kg4 0-1

[Event "DEM U14w 2017"]
[Site "Willingen GER"]
[Date "2017.06.06"]
[Round "4"]
[White "Basovskiy, Jana"]
[Black "Schnabel, Luise"]
[Result "1-0"]
[Termination "normal"]
[Board "2"]
[WhiteElo "1741"]
[BlackElo "1661"]
[WhiteClock "00:22:57"]
[BlackClock "00:00:00"]
[PlyCount "114"]
[WhiteFideId "16208617"]
[BlackFideId "12943347"]
[EventCountry "GER"]
[EventRounds "9"]
[EventType "swiss"]
[EventDate "2017.06.03"]

1. e4 {[%clk 1:30:58]} 1... Nf6 {[%clk 1:30:49]} 2. e5 {[%clk 1:31:22]} 2...
Nd5 {[%clk 1:31:12]} 3. d4 {[%clk 1:31:45]} 3... d6 {[%clk 1:31:27]} 4. c4 {
[%clk 1:31:57]} 4... Nb6 {[%clk 1:31:50]} 5. exd6 {[%clk 1:32:15]} 5... cxd6 {
[%clk 1:31:58]} 6. Nc3 {[%clk 1:32:14]} 6... g6 {[%clk 1:31:56]} 7. Be3 { [%clk
1:32:17]} 7... Bg7 {[%clk 1:31:48]} 8. Rc1 {[%clk 1:32:02]} 8... O-O { [%clk
1:31:21]} 9. Nf3 {[%clk 1:32:14]} 9... Nc6 {[%clk 1:29:21]} 10. b3 { [%clk
1:31:32]} 10... Bg4 {[%clk 1:25:52]} 11. Be2 {[%clk 1:31:17]} 11... d5 { [%clk
1:21:31]} 12. c5 {[%clk 1:31:11]} 12... Nc8 {[%clk 1:21:46]} 13. O-O { [%clk
1:31:06]} 13... e6 {[%clk 1:19:49]} 14. h3 {[%clk 1:24:01]} 14... Bxf3 { [%clk
1:19:25]} 15. Bxf3 {[%clk 1:24:14]} 15... N8e7 {[%clk 1:19:00]} 16. Qd2 { [%clk
1:18:54]} 16... Nf5 {[%clk 1:17:58]} 17. Ne2 {[%clk 1:13:22]} 17... Nh4 { [%clk
0:56:05]} 18. Bg4 {[%clk 0:59:15]} 18... f5 {[%clk 0:51:01]} 19. Bg5 { [%clk
0:58:20]} 19... Bf6 {[%clk 0:50:55]} 20. Bxh4 {[%clk 0:57:51]} 20... Bxh4
{[%clk 0:47:01]} 21. Bf3 {[%clk 0:58:15]} 21... Bg5 {[%clk 0:41:56]} 22. Nf4 {
[%clk 0:58:33]} 22... Qf6 {[%clk 0:29:10]} 23. Rfd1 {[%clk 0:52:10]} 23... Rac8
{[%clk 0:23:30]} 24. Qe3 {[%clk 0:35:55]} 24... Rfe8 {[%clk 0:18:04]} 25. g3 {
[%clk 0:34:33]} 25... b6 {[%clk 0:05:47]} 26. h4 {[%clk 0:28:00]} 26... Bxf4 {
[%clk 0:02:34]} 27. Qxf4 {[%clk 0:28:08]} 27... bxc5 {[%clk 0:01:54]} 28. dxc5
{[%clk 0:27:49]} 28... Ne5 {[%clk 0:01:36]} 29. Be2 {[%clk 0:27:11]} 29... Kg7
{[%clk 0:01:13]} 30. Qa4 {[%clk 0:22:41]} 30... Re7 {[%clk 0:01:15]} 31. c6 {
[%clk 0:18:16]} 31... Rec7 {[%clk 0:01:11]} 32. Ba6 {[%clk 0:18:35]} 32... Rb8
{[%clk 0:01:04]} 33. Bb7 {[%clk 0:18:30]} 33... Nf3+ {[%clk 0:00:58]} 34. Kg2 {
[%clk 0:18:36]} 34... Ne5 {[%clk 0:00:57]} 35. Qxa7 {[%clk 0:16:20]} 35... Re8
{[%clk 0:01:18]} 36. Qb6 {[%clk 0:15:58]} 36... Ree7 {[%clk 0:01:37]} 37. a4 {
[%clk 0:15:36]} 37... f4 {[%clk 0:01:53]} 38. gxf4 {[%clk 0:07:03]} 38... Qxf4
{[%clk 0:01:59]} 39. Qe3 {[%clk 0:07:31]} 39... Qg4+ {[%clk 0:01:21]} 40. Qg3 {
[%clk 0:07:58]} 40... Qe4+ {[%clk 0:01:10]} 41. f3 {[%clk 0:08:16]} 41... Qe2+
{[%clk 0:27:30]} 42. Qf2 {[%clk 0:38:58]} 42... Qxf2+ {[%clk 0:26:21]} 43. Kxf2
{[%clk 0:39:24]} 43... Rf7 {[%clk 0:26:28]} 44. b4 {[%clk 0:36:11]} 44... Rxf3+
{[%clk 0:26:12]} 45. Ke2 {[%clk 0:36:28]} 45... Rb3 {[%clk 0:25:12]} 46. b5 {
[%clk 0:36:18]} 46... Rb4 {[%clk 0:20:27]} 47. Ra1 {[%clk 0:27:04]} 47... Nc4 {
[%clk 0:17:13]} 48. Rdb1 {[%clk 0:26:32]} 48... Nb2 {[%clk 0:13:56]} 49. Kd2 {
[%clk 0:23:35]} 49... Rxa4 {[%clk 0:05:32]} 50. Rxa4 {[%clk 0:23:55]} 50...
Nxa4 {[%clk 0:05:57]} 51. b6 {[%clk 0:24:21]} 51... Nxb6 {[%clk 0:03:13]} 52.
Rxb6 {[%clk 0:24:46]} 52... Kf6 {[%clk 0:03:20]} 53. Ke3 {[%clk 0:24:08]} 53...
e5 {[%clk 0:02:24]} 54. Ra6 {[%clk 0:23:48]} 54... Kf5 {[%clk 0:01:31]} 55. Ra8
{[%clk 0:24:03]} 55... Ke6 {[%clk 0:00:51]} 56. Re8+ {[%clk 0:23:07]} 56... Kd6
{[%clk 0:00:45]} 57. Rd8+ {[%clk 0:22:57]} 57... Ke6 {[%clk 0:00:00]} 1-0